Estudio crítico de la literatura juvenil (Registro nro. 60409)

Detalles MARC
000 -CABECERA
Longitud fija campo de control 01519nam a2200385 4500
003 - • IDENTIFICADOR DELl NÚMERO DE CONTROL
Identificador del número de control CO-BoRNBP
005 - • FECHA Y HORA DE LA ÚLTIMA TRANSACCIÓN
Fecha y hora de la última transacción 20260204224840.0
007 - • CAMPO FIJO DE DESCRIPCIÓN FÍSICA
Campo fijo de descripción física ta
008 - • CÓDIGOS DE INFORMACIÓN DE LONGITUD FIJA
Códigos de información de longitud fija 890522s1981 sp 0 spa
017 ## - NÚMERO DE COPYRIGHT O DE DEPÓSITO LEGAL
Número de copyright o de depósito legal M 40552-1981
Agencia que asigna el número Oficina Depósito Legal Madrid
020 ## - • NÚMERO INTERNACIONAL NORMALIZADO PARA LIBROS
Número Internacional Normalizado para Libros (ISBN) 8432113395
040 ## - FUENTE DE LA CATALOGACIÓN
Centro catalogador de origen IBH
Lengua de catalogación spa
Centro transcriptor SpMaBN
Normas de descripción rdc
041 1# - • CÓDIGO DE LENGUA
Código de lengua del texto/banda sonora o título independiente spa
Código de lengua original ita
080 ## - NÚMERO DE LA CLASIFICACIÓN DECIMAL UNIVERSAL
Número de la Clasificación Decimal Universal 087.5
084 ## - • Clasificación Local Alfanúmerica PNLB
Número de clasificación 00
100 1# - • PUNTO DE ACCESO PRINCIPAL-NOMBRE DE PERSONA
Nombre de persona Petrini, Enzo
240 10 - • TÍTULO UNIFORME
Título uniforme <a href="Avviamento crítico alla letteratura giovanile">Avviamento crítico alla letteratura giovanile</a>
245 10 - • TITULO PROPIAMENTE DICHO
Título Estudio crítico de la literatura juvenil
Medio [Texto impreso]
Mención de responsabilidad, etc. Enzo Petrini ; [traducción de Manuel Carrión Gútiez] ; apéndice, "Actualidad del cuento infantil en España" por María Josefa Sirvent del Otero
250 ## - • MENCI&Oacute;N DE EDICI&Oacute;N
Mención de edición 1a. edición
300 ## - • DESCRIPCI&Oacute;N F&Iacute;SICA
Extensión 220 p.
Dimensiones 23 cm
336 ## - TIPO DE CONTENIDO
Fuente rdacontent
Término de tipo de contenido texto
Código de tipo de contenido txt
337 ## - TIPO DE MEDIO
Fuente rdamedia
Nombre del tipo de medio sin mediación
Código del tipo de medio n
338 ## - TIPO DE SOPORTE
Fuente rdacarrier
Nombre del tipo de soporte volumen
Código del tipo de soporte nc
490 0# - • MENCI&Oacute;N DE SERIE
Mención de serie Biblioteca de educación y ciencias sociales : Serie Investigaciones y ensayos
Designación de volumen o secuencia 4
650 #7 - • PUNTO DE ACCESO ADICIONAL DE MATERIA - T&Eacute;RMINO DE MATERIA
Término de materia o nombre geográfico como elemento inicial Niños
Subdivisión de materia general Libros y lectura
Fuente del encabezamiento o término embne
700 1# - • PUNTO DE ACCESO ADICIONAL - NOMBRE DE PERSONA
Nombre de persona Carrión Gútiez, Manuel
Fechas asociadas al nombre 1930-2016
700 1# - • PUNTO DE ACCESO ADICIONAL - NOMBRE DE PERSONA
Nombre de persona Sirvent del Otero, María Josefa
942 ## - ENTRADA DE ELEMENTOS AGREGADOS (KOHA)
Fuente de clasificaión o esquema Dewey Decimal Classification
Koha [por defecto] tipo de item LIbro
956 ## - LOCALIZACI&Oacute;N Y ACCESO ELECTR&Oacute;NICO LOCAL (OCLC)
Nombre de la fuente 1 2
980 ## - EQUIVALENCIA O SECCI&Oacute;N-REFERENCIA-INFORME SERIES--NOMBRE &#47; T&Iacute;TULO DE PERSONA [LOCAL, CANADA]
Nombre personal M 40552-1981
-- SpMaBN
Numeración BNALCALA
Atributo cualificador AHM/339310
T&íacute;tulos u otras palabras asociadas a nombre SG_PETANTI
980 ## - EQUIVALENCIA O SECCI&Oacute;N-REFERENCIA-INFORME SERIES--NOMBRE &#47; T&Iacute;TULO DE PERSONA [LOCAL, CANADA]
Nombre personal M 40552-1981
-- SpMaBN
Numeración BNALCALA
Atributo cualificador DL/186433
T&íacute;tulos u otras palabras asociadas a nombre CONSERVACI
980 ## - EQUIVALENCIA O SECCI&Oacute;N-REFERENCIA-INFORME SERIES--NOMBRE &#47; T&Iacute;TULO DE PERSONA [LOCAL, CANADA]
Nombre personal M 40552-1981
-- 84-321-1339
-- SpMaBN
Numeración BNALCALA
Atributo cualificador J5/633
Fechas asociadas con el nombre J5 82-93(04) PET
T&íacute;tulos u otras palabras asociadas a nombre SG_PETANTI
980 ## - EQUIVALENCIA O SECCI&Oacute;N-REFERENCIA-INFORME SERIES--NOMBRE &#47; T&Iacute;TULO DE PERSONA [LOCAL, CANADA]
Nombre personal Biblioteca del bibliotecario
-- SpMaBN
Numeración BNMADRID
Forma del subt&íacute;tulo SDB
Media 82
T&íacute;tulos u otras palabras asociadas a nombre SDB
Existencias
Perdido Fuente de clasificaci&oacute;n o esquema Estado Físico No para pr&eacute;stamo Forma de adquisición Localizaci&oacute;n permanente Localizaci&oacute;n actual Localización en estanterías Fecha adquisici&oacute;n Pr&eacute;stamos totales Signatura completa C&oacute;digo de barras Fecha &uacute;ltima consulta N&uacute;mero de copia Fecha del precio de reemplazo Tipo de item de Koha
  Dewey Decimal Classification     Colección General Biblioteca Pública Lejanias Biblioteca Pública Lejanias General 02/04/2026   00 LEJ02124 02/04/2026 Ej.1 02/04/2026 LIbro









Instituto Departamental de Cultura del Meta - Red Departamental de Bibliotecas Públicas del Meta.